000 00675nam a2200217Ii 4500
003 JO-AjNU
008 230605s9999||||xx |||||||||||||| ||und||
017 _a2013/5/1483
040 _aJO-AjNU
_bara
_erda
_cJO-AjNU
041 _aara
050 1 4 _aE183.7 2014
100 3 _aتاليف ابو عواد، ابراهيم,
_eauthor
_948258
245 0 0 _aمشكلات الحضارة الأمريكية
250 _aط1
264 3 1 _aعمان: دار الايام، 2014
300 _a85ص
336 _atext
_btxt
_2rdacontent
337 _aunmediated
_bn
_2rdamedia
338 _avolume
_bnc
_2rdacarrier
650 4 _aالحضارة الامريكية-مشكلات
_948259
999 _aA21121
_c24689
_d24689